000 00533nam a2200229Ia 4500
003 OSt
005 20221005124750.0
006 a|||||r|||| 00| 0
007 ta
008 221004b |||||||| |||| 00| 0 kan d
024 _a60012
037 _cTextual
040 _aCRL
_cCRL
_bkan
041 _2kan
_akan
082 _aO33,1:g, M1
100 _aV.C.
_9635755
245 0 _aNemichandra
260 _c1981
650 _aKANNAD POETRY
942 _hO33,1:g, M1
_cTEXL
_2cc
999 _c1051540
_d1051540